| 000 | 00916nam a22002297a 4500 | ||
|---|---|---|---|
| 999 |
_c21414 _d21414 |
||
| 003 | AR-CdUCM | ||
| 008 | 190319b ||||| |||| 00| 0 spa d | ||
| 020 | _a9789972573675 | ||
| 040 |
_aMUNICIPALIDAD PROVINCIAL DEL CUSCO _cBIBLIOTECA MUNICIPAL DEL CUSCO |
||
| 082 |
_a658.408/C28 _bC28 |
||
| 100 |
_aCaravedo Molinari, Baltazar _94446 |
||
| 245 | _aLa energía social en las empresas B / | ||
| 260 |
_aLima ; _bUniversidad del Pacífico, _c2016. |
||
| 300 |
_a155 Páginas. : _c21x15 cm. |
||
| 505 | _aContenido: Energía social y empresa -- De la fragmentación empresarial al sistema de la empresa -- De la práctica de la responsabilidad social a las empresas circulares -- La necesidad de la empresa B en el Perú. | ||
| 650 |
_aResponsabilidad social _98136 |
||
| 650 |
_aEmpresas _95583 |
||
| 650 |
_aPerú _944675 |
||
| 710 |
_aUniversidad del Pacífico _98279 |
||
| 942 |
_2ddc _cLIBROS |
||
| 945 | _aRoel | ||